Представление документа в формате MARC21

ПолеНазваниеЗначение
  Тип записи a
  Библиографический уровень m
001 Контрольный номер RU\infra-m\znanium\bibl\2237195
005 Дата корректировки 20260429142117.1
008 Кодируемые данные 251223s2025 RU g rus u
020 Индекс ISBN __
a ISBN 978-5-16-021756-7
020 Индекс ISBN __
a ISBN 978-5-16-113468-9 (электр. издание)
040 Источник каталогиз. __
a Служба первич. каталог. Общество с ограниченной ответственностью «ЗНАНИУМ»
041 Код языка издания __
a Код языка текста rus
044 Код страны публикации __
a Код страны публикации RU
080 Индекс УДК __
a Индекс УДК 005,5
084 Индекс другой классификации/Индекс ББК __
2 Источник индекса rubbk
a Индекс другой классификации/Индекс ББК 60.524
084 Индекс другой классификации/Индекс ББК __
2 Источник индекса okso
a Индекс другой классификации/Индекс ББК 08.03.01
084 Индекс другой классификации/Индекс ББК __
2 Источник индекса okso
a Индекс другой классификации/Индекс ББК 27.03.02
084 Индекс другой классификации/Индекс ББК __
2 Источник индекса okso
a Индекс другой классификации/Индекс ББК 38.03.01
084 Индекс другой классификации/Индекс ББК __
2 Источник индекса okso
a Индекс другой классификации/Индекс ББК 38.03.03
084 Индекс другой классификации/Индекс ББК __
2 Источник индекса okso
a Индекс другой классификации/Индекс ББК 41.03.06
084 Индекс другой классификации/Индекс ББК __
2 Источник индекса okso
a Индекс другой классификации/Индекс ББК 44.03.05
084 Индекс другой классификации/Индекс ББК __
2 Источник индекса okso
a Индекс другой классификации/Индекс ББК 56.05.01
100 Автор __
a Автор Дементьева А.Г.
q Полное имя Дементьева Алла Геннадиевна
u Дополнение Московский государственный институт международных отношений (университет) Министерства иностранных дел Российской Федерации
245 Заглавие __
a Заглавие Организационное поведение
b Продолж. заглавия Учебник
c Ответственность Московский государственный институт международных отношений (университет) Министерства иностранных дел Российской Федерации
250 Сведения об издании __
a Основные сведения об издании 1
260 Выходные данные __
a Место издания Москва
b Издательство ООО "Научно-издательский центр ИНФРА-М"
c Дата издания 2026
300 Физическое описание __
a Объем 712 с.
520 Аннотация __
a Аннотация Издание представляет собой методический комплекс который состоит из теоретической части методической части и практикума. В учебнике основное внимание сосредоточено на человеческих ресурсах как объекте управления. Всесторонне рассмотрены теоретические основы и актуальные практические проблемы организационного поведения и менеджмента в современных организациях. Подробно освещены вопросы поведения личности и групп в организации с точки зрения повышения эффективности ее деятельности. Практикум содержит ситуационные задачи апробированные авторами в учебном процессе базирующиеся на опыте работы российских и зарубежных компаний а также варианты заданий и тестов для практических занятий. Учебник предназначен для студентов и преподавателей системы высшего профессионального образования по учебной дисциплине «Организационное поведение».
521 Примеч. о цел. назн. __
a Примеч. о целев. назн. Профессиональное образование
650 Тематические рубрики __
a Основная рубрика Политика. Социология
x Основная подрубрика Прикладная социология
655 Указ. предметных рубрик (устаревшее) __
a Жанр/ форма (устаревшее) Учебник
700 Другие авторы __
a Другие авторы Соколова М.И.
q Полное имя Соколова Мария Игоревна
u Дополнение Московский государственный институт международных отношений (университет) Министерства иностранных дел Российской Федерации
856 Электронный адрес документа 4_
a Имя сервера/домена znanium.ru
m Помощь ebs_support@infra-m.ru
n Местонахождение сервера НИЦ ИНФРА-М
u URL https://znanium.ru/catalog/document?id=475319
856 Электронный адрес документа 48
a Имя сервера/домена znanium.ru
d Путь /cover/2237
f Электронное имя 2237195.jpg
q Тип электронного формата image/jpeg
u URL https://znanium.ru/cover/2237/2237195.jpg
911 __
u 0030=https://znanium.ru/catalog/document?id=475319